00562nam a22001937a 450000500170000001000130001702000230003003500130005303700160006604000120008208200210009410000160011524500730013126000410020427000540024530000260029965000280032565000150035320170124110007.0 aA-596700 c150.00a8185200254 aA-596700 bCen Lib/Ret aDPLbEN a344.1012638bKUM aKumar, H.L. aCheklist obligations of employers under labour laws /cby H.L. Kumar aDelhibUnivershal Book Tradersc1991 a80, Gokhale Market, Opp.New Court bDelhie110054 axxxi,314p.c 21cm(Hb) aLaw--general obligation aLabour Law